Countries in the 2026 Winter Olympics - Sudden Death #1 - Statistics

General Stats
  • This quiz has been taken 39 times
  • The average score is 10 of 23
Answers on the Grid
Answers color-coded by a green-red scale on the quiz's grid according to % correct below.
Iceland
Armenia
Portugal
Azerbaijan
Uruguay
Haiti
Mexico
Netherlands
Trinidad and Tobago
Brazil
Switzerland
Bulgaria
Eritrea
UK
Greece
Lebanon
Argentina
USA
Benin
Guinea Bissau
Austria
Nigeria
Hungary
Saint Kitts and Nevis
Maldives
North Korea
Paraguay
Tajikistan
Qatar
Egypt
Zimbabwe
Syria
Mauritius
Solomon Islands
Angola
Zambia
Rwanda
Congo
Mozambique
Central African Republic
Turkmenistan
Dominica
Tuvalu
Antigua and Barbuda
Liberia
Marshall Islands
Laos
Senegal
Afghanistan
 
Answer Stats
Answer % Correct
Austria
76%
Brazil
76%
Hungary
76%
UK
76%
USA
76%
Netherlands
72%
Switzerland
72%
Iceland
66%
Portugal
59%
Argentina
52%
Bulgaria
52%
Mexico
52%
Armenia
41%
Azerbaijan
41%
Greece
34%
Haiti
31%
Uruguay
21%
Nigeria
17%
Trinidad and Tobago
17%
Guinea Bissau
14%
Lebanon
14%
Benin
7%
Eritrea
3%
No matching quizzes found
Score Distribution
Percent of People with Each Score
Percentile by Number Answered
Your Score History
You have not taken this quiz